Réanimation et médecine d'urgence (Record no. 17580)

MARC details
000 -LEADER
fixed length control field 00322 a2200133 4500
035 ## - SYSTEM CONTROL NUMBER
System control number 3573
100 ## - VEDETTE PRINCIPALE - NOM DE PERSONNE
Personal name Société de Réanimation de Langue Française
245 ## - TITLE STATEMENT
Title Réanimation et médecine d'urgence
260 ## - PUBLICATION, DISTRIBUTION, ETC. (IMPRINT)
Date of publication, distribution, etc 1986
300 ## - PHYSICAL DESCRIPTION
Extent 411 p.
Holdings
Withdrawn status Lost status Damaged status Not for loan Location (home branch) Sublocation or collection (holding branch) Date acquired Koha issues (times borrowed) Koha full call number Koha date last seen Price effective from Koha item type
        Bibliothèque Faculté des Sciences de la Santé Bibliothèque Faculté des Sciences de la Santé 27/02/2009   WB 300 REA 27/02/2009 27/02/2009 Livre


© 2008, Bibliothèques de l'Université d'Abomey-Calavi

04 BP 789 Cotonou, Tél. : +229 21 36 01 01, Fax : +229 21 35 06 32

Courriel : bu@bu.uac.bj